logo

Bir Sreshtho Munshi Abdur Rouf Library
Jhenaidah Cadet College

Alexander : (Record no. 12731)

MARC details
000 -LEADER
fixed length control field 00649nam a2200229 a 4500
001 - CONTROL NUMBER
JCCL Control Number 12731
003 - CONTROL NUMBER IDENTIFIER
JCCL marc code BD-JhCC
005 - DATE AND TIME OF LATEST TRANSACTION
control field 20230509160233.0
008 - FIXED-LENGTH DATA ELEMENTS--GENERAL INFORMATION
fixed length control field 230509s2021 ii |||| |||| 000 0 eng d
020 ## - INTERNATIONAL STANDARD BOOK NUMBER
International Standard Book Number 9788175993143
035 ## - SYSTEM CONTROL NUMBER
system control number (BD-JhCC)12731
040 ## - CATALOGING SOURCE
Original cataloging agency BD-JhCC
Modifying agency BD-JhCC
041 ## - LANGUAGE CODE
Language code of Book eng
082 ## - DEWEY DECIMAL CLASSIFICATION NUMBER
Classification number 938.07092
Author mark and Year ABB 2021
100 ## - MAIN ENTRY--PERSONAL NAME
Personal name Abbot, Jacob
245 ## - TITLE STATEMENT
Title Alexander :
Remainder of title the great /
Statement of responsibility, etc Jacob Abbot
260 ## - PUBLICATION, DISTRIBUTION, ETC. (IMPRINT)
Place of publication, distribution, etc New Delhi,
Name of publisher, distributor, etc Fingerprint Classics,
Date of publication, distribution, etc 2021 [reprint].
300 ## - PHYSICAL DESCRIPTION
Pagination 199 p. :
Other physical details maps ;
Dimensions 20 cm.
600 ## - SUBJECT ADDED ENTRY--PERSONAL NAME
Personal name Alexander, the Great,
Dates associated with a name 356 B.C.-323 B.C
650 ## - SUBJECT ADDED ENTRY--TOPICAL TERM
Topical term or geographic name as entry element Kings and rulers
Geographic subdivision Europe--Macedonia
942 ## - ADDED ENTRY ELEMENTS (KOHA)
Source of classification or shelving scheme Dewey Decimal Classification
Koha item type Books
Holdings
Source of classification or shelving scheme Damaged status Not for loan Home library Current library Shelving location Date of accession Cost, normal purchase price Total Checkouts Full call number Barcode Date last seen Date checked out Copy number Method of acquisition Koha item type Currency
Dewey Decimal Classification     JCC Rouf Library JCC Rouf Library General Stacks 05/09/2023 300.00 7 938.07092 ABB 2021 17703 04/07/2025 11/18/2024 C-1 Purchase Books BDT

JCC Library | Contacts | JCC Home

Last Update on 23 September 2017
Copyright @ 2017-2020 JCC Rouf Library
Rouf Library, Jhenidah Cadet College (JCC), Bangladesh